000 nam a22 7a 4500
999 _c7831
_d7831
008 171026b xxu||||| |||| 00| 0 eng d
020 _a9788123909974
100 _aChesney Noreen D
_94305
245 _aRadiographic Imaging
_bD N and M O Chesney
260 _aNew Delhi
_bCbsc Distriputers
_c2004